Waiting on God!: (Record no. 5974)
[ view plain ]
| 000 -LEADER | |
|---|---|
| fixed length control field | 01109nam a2200277Ia 4500 |
| 001 - CONTROL NUMBER | |
| control field | 296213 |
| 003 - CONTROL NUMBER IDENTIFIER | |
| control field | GBCCL |
| 005 - DATE AND TIME OF LATEST TRANSACTION | |
| control field | 20241126110553.0 |
| 006 - FIXED-LENGTH DATA ELEMENTS--ADDITIONAL MATERIAL CHARACTERISTICS | |
| fixed length control field | m||||fo||d| |||||| |
| 007 - PHYSICAL DESCRIPTION FIXED FIELD--GENERAL INFORMATION | |
| fixed length control field | cr|g||008|pbda |
| 008 - FIXED-LENGTH DATA ELEMENTS--GENERAL INFORMATION | |
| fixed length control field | 870601r19851896ilu s 000|0 eng d |
| 035 ## - SYSTEM CONTROL NUMBER | |
| System control number | (ATLA)ATLAP000004144 |
| 040 ## - CATALOGING SOURCE | |
| Transcribing agency | gbc |
| 049 ## - | |
| -- | LBBR |
| 082 ## - DEWEY DECIMAL CLASSIFICATION NUMBER | |
| Classification number | 242.5 |
| Item number | MUR |
| 100 1# - MAIN ENTRY--PERSONAL NAME | |
| Personal name | Murray, Andrew |
| Dates associated with a name | 1828-1917. |
| 9 (RLIN) | 2842 |
| 245 10 - TITLE STATEMENT | |
| Title | Waiting on God!: |
| Remainder of title | Daily messages for a month / |
| Statement of responsibility, etc. | Andrew Murray. |
| 250 ## - EDITION STATEMENT | |
| Edition statement | Ind. ed. |
| 260 ## - PUBLICATION, DISTRIBUTION, ETC. | |
| Place of publication, distribution, etc. | Madras: |
| Name of publisher, distributor, etc. | Evangelical Literature Service, |
| Date of publication, distribution, etc. | 1991 |
| 300 ## - PHYSICAL DESCRIPTION | |
| Extent | 157 p.; |
| Dimensions | 17 cm. |
| 533 ## - | |
| -- | Electronic reproduction. |
| -- | Ipswich, MA : |
| -- | EBSCO, |
| -- | 2009. |
| -- | Electronic reproduction from microform master produced by the American Theological Library Association. |
| 590 ## - LOCAL NOTE (RLIN) | |
| Local note | Digital version created by EBSCO from ATLA microform. |
| 650 #0 - SUBJECT ADDED ENTRY--TOPICAL TERM | |
| Topical term or geographic name entry element | Devotional calendars |
| 9 (RLIN) | 1878 |
| 856 40 - ELECTRONIC LOCATION AND ACCESS | |
| Materials specified | Full text available |
| Public note | LBC Link to Full Text; Click for Access |
| Uniform Resource Identifier | <a href="http://lbc.idm.oclc.org:80/login?url=http://search.ebscohost.com/login.aspx?direct=true&db=h8h&bquery=(HJ+5JJA)&type=1&site=ehost-live">http://lbc.idm.oclc.org:80/login?url=http://search.ebscohost.com/login.aspx?direct=true&db=h8h&bquery=(HJ+5JJA)&type=1&site=ehost-live</a> |
| 942 ## - ADDED ENTRY ELEMENTS (KOHA) | |
| Source of classification or shelving scheme | Dewey Decimal Classification |
| Koha item type | Books |
| Withdrawn status | Lost status | Source of classification or shelving scheme | Damaged status | Not for loan | Home library | Current Library | Shelving location | Date acquired | Total checkouts | Full call number | Barcode | Date last seen | Copy number | Price effective from | Koha item type |
|---|---|---|---|---|---|---|---|---|---|---|---|---|---|---|---|
| Dewey Decimal Classification | GRACE BIBLE COLLEGE | GRACE BIBLE COLLEGE | Ministry & Mission | 2018-04-19 | 242.5 MUR | 003741 | 2025-05-01 | c.1 | 2018-04-19 | Books |